Statistiken für Die flächengrößten Gemeinden in Deutschland

Klicken Sie hier um das Quiz zu spielen!

Allgemein

  • Dieses Quiz wurde 78 mal gespielt
  • Das Durchschnittsergebnis liegt bei 11 aus 50

Antwortstatistiken

RangGemeindeFläche in km²Land% Korrekt
1.Berlin891,12Berlin
97%
2.Hamburg755,09Hamburg
97%
17.Bremen317,83Bremen
70%
7.Köln405,01Nordrhein-Westfalen
63%
18.München310,70Bayern
62%
14.Dresden328,48Sachsen
54%
23.Leipzig297,80Sachsen
54%
44.Frankfurt am Main248,31Hessen
52%
27.Dortmund280,71Nordrhein-Westfalen
43%
47.Dessau-Roßlau244,71Sachsen-Anhalt
40%
37.Stendal268,08Sachsen-Anhalt
35%
34.Erfurt269,91Thüringen
33%
38.Bielefeld258,83Nordrhein-Westfalen
30%
21.Münster303,28Nordrhein-Westfalen
30%
3.Gardelegen632,55Sachsen-Anhalt
21%
49.Lutherstadt Wittenberg240,41Sachsen-Anhalt
21%
20.Salzwedel304,58Sachsen-Anhalt
21%
9.Neustadt am Rübenberge358,96Niedersachsen
17%
33.Jerichow269,93Sachsen-Anhalt
14%
5.Zerbst/Anhalt468,03Sachsen-Anhalt
14%
4.Möckern523,95Sachsen-Anhalt
13%
11.Jessen (Elster)352,12Sachsen-Anhalt
11%
13.Walsrode334,80Niedersachsen
11%
10.Geestland356,56Niedersachsen
10%
8.Templin379,57Brandenburg
10%
6.Wittstock/Dosse420,23Brandenburg
10%
35.Arendsee (Altmark)269,70Sachsen-Anhalt
8%
45.Friesoythe247,49Niedersachsen
8%
15.Rheinsberg328,22Brandenburg
8%
25.Tangerhütte294,83Sachsen-Anhalt
8%
24.Coswig (Anhalt)295,75Sachsen-Anhalt
6%
28.Klötze278,31Sachsen-Anhalt
6%
19.Neuruppin305,24Brandenburg
6%
31.Oberharz am Brocken271,52Sachsen-Anhalt
6%
22.Schmallenberg303,10Nordrhein-Westfalen
6%
50.Schorfheide238,18Brandenburg
6%
16.Angermünde324,23Brandenburg
5%
26.Bismark (Altmark)289,47Sachsen-Anhalt
5%
32.Fehrbellin270,41Brandenburg
5%
42.Groß Pankow (Prignitz)250,76Brandenburg
5%
30.Kalbe (Milde)272,85Sachsen-Anhalt
5%
36.Nauen268,14Brandenburg
5%
29.Bad Berleburg275,52Nordrhein-Westfalen
3%
41.Karstädt253,55Brandenburg
3%
48.Lenggries242,84Bayern
3%
40.Melle253,95Niedersachsen
3%
39.Nordwestuckermark254,32Brandenburg
3%
12.Nuthe-Urstromtal341,31Brandenburg
3%
43.Oebisfelde-Weferlingen249,30Sachsen-Anhalt
3%
46.Löwenberger Land245,43Brandenburg
2%

Verteilung der Resultate

Perzentil nach korrekt beantworteten Fragen

Anzahl Personen mit jedem Resultat

Ihre Resultats-Entwicklung

Sie haben dieses Quiz noch nicht gespielt